00359 2200157 4500001002100000005001500021035002000036245003200056100001200088300001200100260003300112082000800145084001400153020002200167990001200189INLIS00000000000176320250505031054 a0010-05250000551 aLaut Pasang 1994 /cLilpudu0 aLilpudu a328 hlm aDepok :bAkad x Tekad,c2023 a813 a813 LIL l a978-623-5953-36-6 a0754604